000 00341nam a2200133Ia 4500
008 220216s9999 xx 000 0 und d
100 _aMcQuarrie D
245 0 _aChoice of an accelerator for cable insulation
260 _bIRI Transactions
_c1934
300 _a320-324
650 _aAccelerator
650 _aCable insulation
942 _cJS
999 _c55585
_d55585